00321nam a2200133Ia 4500003000400000008004100004082001800045100001500063245003900078250000800117260003600125300000800161650001800169OSt191201s2004 xx 000 0 und d a954.0350bJOA aJOHAR, K L 0aAjit Singh An Exiled Revolutionary a1st aNew DelhibSneh Prakashanc2004 a319 aGeneral Books